|
|
|
|
| LEADER |
00905cam a2200241 7i4500 |
| 001 |
0000011487 |
| 005 |
20020515090000.0 |
| 008 |
950626s1996 nyuab be 001 0 eng |
| 010 |
|
|
|a 95031019
|
| 020 |
0 |
0 |
|a 0195094859 (set : alk. paper)
|
| 020 |
0 |
0 |
|a 0195104404 (vol. 1 : alk. paper)
|
| 020 |
0 |
0 |
|a 0195104412 (vol. 2 : alk. paper)
|
| 090 |
0 |
0 |
|a QC 854
|b E56
|
| 245 |
0 |
0 |
|a Encyclopedia of climate and weather
|c Stephen H. Schneider, editor in chief..
|
| 260 |
0 |
0 |
|a New York:
|b Oxford University Press,
|c 1996..
|
| 300 |
|
|
|a 2 v. (xvi, 929 p.):
|b ill., maps;
|c 29 cm..
|
| 504 |
0 |
0 |
|a Includes bibliographical references and index.
|
| 505 |
0 |
0 |
|a v. 1. A-K -- v. 2. L-Z.
|
| 650 |
0 |
0 |
|a Climatology --
|x Encyclopedias.
|
| 650 |
0 |
0 |
|a Weather --
|x Encyclopedias.
|
| 700 |
0 |
1 |
|a Schneider, Stephen Henry.
|
| 999 |
|
|
|a 1000384676
|b Book
|c Rujukan
|e KOLEKSI RUJUKAN
|
| 999 |
|
|
|a 1000384675
|b Book
|c Rujukan
|e KOLEKSI RUJUKAN
|